|
|
|
|
| LEADER |
00000ny a22000003n 4500 |
| 005 |
20110602143943.0 |
| 008 |
080508t1999 sp s 000 0 spa c |
| 020 |
|
|
|a 8476986092
|
| 035 |
|
|
|a 1147
|
| 040 |
|
|
|a UMA.RE
|d vLex
|
| 080 |
|
|
|a 343.152(460)(0.034)
|
| 090 |
|
|
|c 434
|d 434
|
| 100 |
1 |
|
|a Carballo Pięiro, Laura
|
| 245 |
1 |
0 |
|a Ejecucin̤ de condenas de dar
|h [Recurso electrn̤ico]
|c Laura Carballo Pięiro
|
| 256 |
|
|
|a Servicio en ln̕ea
|
| 260 |
|
|
|a Barcelona :
|b Bosch,
|c 2001
|
| 506 |
1 |
|
|a Contenido solo disponible en los productos indicados
|d vLex Global
|d vLex Global (Academic Edition, excluding Law Schools)
|d vLex Global (U.S. Academic Edition, Law Schools)
|d vLex Global (U.S. Academic Edition, excluding Law Schools)
|d vLex Global (Academic Edition, Law Schools)
|
| 650 |
0 |
7 |
|a Procesal
|2 Tesauro vLex
|
| 650 |
0 |
7 |
|a Ejecucin̤ de sentencias
|2 Tesauro vLex
|
| 650 |
0 |
7 |
|a Sentencia de dar
|2 Tesauro vLex
|
| 740 |
0 |
|
|a vLex Libros (Servicios en ln̕ea)
|
| 856 |
4 |
0 |
|u http://vlex.com/source/1147
|z Acceso restringido
|
| 942 |
|
|
|c BOOK
|
| 999 |
0 |
|
|a Procedure Law
|b Barcelona
|